Every Language Family Spoken in Europe - Statistics

General Stats
  • This quiz has been taken 551 times
  • The average score is 12 of 17
Answer Stats
Hint Answer % Correct
German, English, Dutch, Swedish, Danish Germanic
97%
Russian, Polish, Ukrainian, Serbian, Czech Slavic
97%
Spanish, French, Italian, Romanian, Portuguese Italic
94%
Irish, Scottish Gaelic, Welsh, Breton, Manx Celtic
89%
Lithuanian, Latvian Baltic
88%
Albanian Albanian
87%
Turkish, Tatar, Kazakh, Bashkir, Azerbaijani Turkic
83%
Basque Isolate
81%
Hungarian, Finnish, Estonian, Mari, Saami Uralic
81%
Greek Hellenic
76%
Maltese Semitic
65%
Romani Indo-Aryan
49%
Ossetian Iranian
47%
Georgian Kartvelian
39%
Kalmyk Mongolic
36%
Chechen, Avar, Ingush Northeast Caucasian
29%
Adyghe, Kabardian, Abkhaz Northwest Caucasian
28%
No matching quizzes found
Score Distribution
Percent of People with Each Score
Percentile by Number Answered
Your Score History
You have not taken this quiz